000 00818cam a22002171 4500
001 gs 23000146
003 DLC
005 20260227111327.0
008 891016s1922 ag ab 000 0 spa
010 _ags 23000146
035 _a(OCoLC)20496367
040 _aDLC
_cCU
_dCU
_dDLC
042 _apremarc
050 0 0 _aQE231
_b.A28 no. 31
100 1 _aBeder, Robert,
_d1885-
245 1 0 _aInforme sobre estudios geológico-economicos en la Provincia de Catamarca,
_cpor el Dr. Roberto Beder ...
260 _aBuenos Aires,
_bTalleres gráficos del Ministerio de agricultura de la nación,
_c1922.
300 _a57 p.
_b12 pl. (incl. diagr.) fold. map.
_c27 cm.
410 1 0 _aArgentina.
_bDirección General de Minas y Geología.
_tBoletin
_vno. 31. Ser. B (Geologia)
650 0 _aGeology, Economic
_zArgentina
_zCatamarca.
999 _c26231
_d26231